|
|
|
|
| LEADER |
00000cam a2200000 a 4500 |
| 001 |
vtls010305497 |
| 003 |
SK-MaSNL |
| 005 |
20260301032014.0 |
| 008 |
160830s2010 au hoacf 000 0 ger |
| 015 |
|
|
|a SNBZSA2013-001704
|
| 020 |
|
|
|a 9783706545426 (viaz.)
|
| 035 |
|
|
|a 37BC03DF-5647-4907-ABC5-70EE478E32B3
|
| 035 |
|
|
|a urn:nbn:sk:snk-amlgh0
|
| 035 |
|
|
|a urn:nbn:sk:snk-am0093tu
|
| 040 |
|
|
|a SNK
|b slo
|c SNK
|e AACR2
|
| 041 |
0 |
|
|a ger
|a fre
|
| 043 |
|
|
|a e-au---
|a ed-----
|
| 044 |
|
|
|a au
|c AT
|
| 072 |
|
7 |
|a 94(4)
|x Dejiny Európy
|2 konspekt
|
| 080 |
|
|
|a 94(436)
|2 2001
|
| 080 |
|
|
|a 94(4-12)
|2 2001
|
| 080 |
|
|
|a (082)
|2 2001
|
| 080 |
|
|
|a 930
|2 2001
|
| 245 |
0 |
0 |
|a Kuppeln Korn Kanonen
|b unerkannte und unbekannte Spuren in Südosteuropa von der Aufklärung bis in die Gegenwart
|c Ulrike Tischler-Hofer ; Renate Zedinger (Hrsg.)
|
| 246 |
3 |
0 |
|a Unerkannte und unbekannte Spuren in Südosteuropa von der Aufklärung bis in die Gegenwart
|
| 260 |
|
|
|a Innsbruck
|b Studienverlag
|c c2010
|
| 300 |
|
|
|a 376 s.
|b faks., fotogr., grafy, mp., portréty, tab.
|c 24 cm
|
| 504 |
|
|
|a Bibliogr. odkazy
|
| 546 |
|
|
|a Čiast. text vo francúzštine
|
| 648 |
|
7 |
|a 17.-20. stor.
|2 SNKPH
|9 294706
|
| 648 |
|
7 |
|a 17th-20th centuries
|2 SNKPHeng
|9 328521
|
| 650 |
0 |
7 |
|a historiografia
|2 SNKPH
|9 3848
|
| 650 |
0 |
7 |
|a Historiography
|2 SNKPHeng
|9 266534
|
| 651 |
|
7 |
|a Rakúsko
|x dejiny
|2 SNKPH
|9 66145
|
| 651 |
|
7 |
|a Európa juhovýchodná
|x dejiny
|2 SNKPH
|9 64489
|
| 651 |
|
7 |
|a Southeast Europe
|x history
|2 SNKPHeng
|9 328522
|
| 651 |
|
7 |
|a Austria
|x history
|2 SNKPHeng
|9 310556
|
| 655 |
|
7 |
|a zborníky
|2 SNKPH
|9 70165
|
| 655 |
|
7 |
|a Miscellanea
|2 SNKPHeng
|9 265155
|
| 700 |
1 |
|
|a Tischler-Hofer, Ulrike
|4 edt
|9 328523
|
| 700 |
1 |
|
|a Zedinger, Renate,
|d 1942-
|4 edt
|9 328524
|
| 919 |
|
|
|a 978-3-7065-4542-6
|
| 958 |
|
|
|a OND
|
| 958 |
|
|
|a ZS
|
| 958 |
|
|
|a NB
|
| 958 |
|
|
|a DE
|
| 958 |
|
|
|a FR
|
| 958 |
|
|
|a AT
|
| 999 |
|
|
|c 577654
|d 579584
|
| 952 |
|
|
|a SNK
|b SNK
|y PREZ
|7 0
|p 17A0876070
|o snkSC 146230
|i snk2012/1995
|8 2
|g 39.90
|0 0
|1 0
|4 0
|d 2011-12-21
|f 1
|l 0
|r 2025-07-15 00:00:00
|w 2026-02-23
|